[Event "SWE-chB"]
[Site "Eskilstuna"]
[Date "2019.07.07"]
[Round "2"]
[White "Seo, Jung Min"]
[Black "Malmstig, Erik"]
[Result "1-0"]
[WhiteElo "2399"]
[BlackElo "2357"]
[PlyCount "79"]
[EventDate "2019.07.06"]
[EventType "tourn"]
[EventRounds "9"]
[EventCountry "SWE"]
[EventCategory "3"]
[SourceTitle "CBM 191 Extra"]
[Source "ChessBase"]
[SourceDate "2019.09.30"]
[SourceVersion "1"]
[SourceVersionDate "2019.09.30"]
[SourceQuality "1"]

1. d4 e6 2. c4 c5 3. d5 exd5 4. cxd5 d6 5. Nc3 Nf6 6. Nf3 a6 7. a4 Be7 8. e4 Bg4 9. h3 Bh5 10. g4 Bg6 11. Nd2 0-0 12. Bg2 Nfd7 13. 0-0 h6 14. f4 Bf6 15. Qb3 Bd4+ 16. Kh1 Nf6 17. Ne2 Nbd7 18. Qd3 Re8 19. Nxd4 cxd4 20. Qxd4 Rc8 21. Ra3 Rc2 22. Rc3 Rxc3 23. bxc3 Nc5 24. e5 Nfd7 25. e6 fxe6 26. dxe6 Nxe6 27. Qxd6 Bf7 28. Ba3 Nef8 29. Ne4 Qh4 30. Qd4 b5 31. Nd6 Re2 32. Nxf7 Kxf7 33. Bxf8 Nxf8 34. Qd5+ Ke7 35. axb5 axb5 36. Qc5+ Kf7 37. Qxb5 Re3 38. Qd5+ Ke8 39. Qa8+ Qd8 40. Bc6+ 1-0

[Event "Deltalift op"]
[Site "Tylosand"]
[Date "2019.06.01"]
[Round "8"]
[White "Ivarsson, Sebastian"]
[Black "Malmstig, Erik"]
[Result "0-1"]
[WhiteElo "2013"]
[BlackElo "2352"]
[PlyCount "50"]
[EventDate "2019.05.30"]
[EventType "swiss"]
[EventRounds "8"]
[EventCountry "SWE"]
[SourceTitle "CBM 190 Extra"]
[Source "ChessBase"]
[SourceDate "2019.07.15"]
[SourceVersion "1"]
[SourceVersionDate "2019.07.15"]
[SourceQuality "1"]

1. d4 d6 2. c4 Nd7 3. Nc3 e5 4. Nf3 c6 5. e3 f5 6. dxe5 dxe5 7. Be2 Nh6 8. 0-0 Qf6 9. b3 Bd6 10. Bb2 0-0 11. Qd2 Nf7 12. Rfd1 Nc5 13. Qc2 a5 14. a3 Ne6 15. Na4 Bc7 16. b4 Qh6 17. h3 e4 18. Nd4 Neg5 19. Bf1 f4 20. exf4 Nxh3+ 21. gxh3 Qxf4 22. Bg2 Ng5 23. Rd2 e3 24. Re2 Qh2+ 25. Kf1 Bxh3 0-1

[Event "Deltalift op"]
[Site "Tylosand"]
[Date "2019.06.01"]
[Round "7"]
[White "Jobava, Baadur"]
[Black "Malmstig, Erik"]
[Result "1-0"]
[WhiteElo "2618"]
[BlackElo "2352"]
[PlyCount "57"]
[EventDate "2019.05.30"]
[EventType "swiss"]
[EventRounds "8"]
[EventCountry "SWE"]
[SourceTitle "CBM 190 Extra"]
[Source "ChessBase"]
[SourceDate "2019.07.15"]
[SourceVersion "1"]
[SourceVersionDate "2019.07.15"]
[SourceQuality "1"]

1. e4 e5 2. Nf3 Nc6 3. Bc4 Bc5 4. c3 Nf6 5. b4 Bb6 6. d3 d6 7. a4 a5 8. b5 Ne7 9. 0-0 0-0 10. Ba2 c6 11. Bg5 Ng6 12. Nbd2 h6 13. Bxf6 Qxf6 14. Rb1 Bc7 15. g3 Bh3 16. Re1 Nf4 17. d4 c5 18. b6 Bd8 19. dxe5 dxe5 20. Nc4 Ng2 21. Rf1 Re8 22. Kh1 Nf4 23. gxf4 Qxf4 24. Rg1 Bg4 25. Rxg4 Qxg4 26. Nd6 Re7 27. Nxf7 Kf8 28. Nxd8 Rd7 29. Ne6+ 1-0

[Event "Gothenburg Kvibergspelen"]
[Site "Gothenburg"]
[Date "2019.05.12"]
[Round "7"]
[White "Malmstig, Erik"]
[Black "Nilsson, Eskil"]
[Result "1-0"]
[WhiteElo "2352"]
[BlackElo "1991"]
[PlyCount "53"]
[EventDate "2019.05.10"]
[EventType "swiss"]
[EventRounds "8"]
[EventCountry "SWE"]
[SourceTitle "CBM 190 Extra"]
[Source "ChessBase"]
[SourceDate "2019.07.15"]
[SourceVersion "1"]
[SourceVersionDate "2019.07.15"]
[SourceQuality "1"]

1. d4 Nf6 2. Bg5 d5 3. Bxf6 exf6 4. e3 Bd6 5. c4 dxc4 6. Bxc4 f5 7. Nc3 Nd7 8. Nf3 Nf6 9. Qb3 Qe7 10. 0-0 c6 11. Rfe1 0-0 12. Rad1 b5 13. Bd3 b4 14. Ne2 Ne4 15. Qc2 Bb7 16. Ng3 Nxg3 17. hxg3 g6 18. Bc4 Rac8 19. e4 fxe4 20. Rxe4 Qf6 21. Ne5 c5 22. Rf4 Qe7 23. Nxg6 Qg5 24. Nxf8 Rxf8 25. Rh4 Qg7 26. Bd3 f5 27. Bxf5 1-0

[Event "SWE-chT 1819 Elite"]
[Site "Sweden"]
[Date "2019.03.29"]
[Round "7.5"]
[White "Malmstig, Erik"]
[Black "Urkedal, Frode Olav Olsen"]
[Result "1/2-1/2"]
[WhiteElo "2333"]
[BlackElo "2539"]
[PlyCount "130"]
[EventDate "2018.11.09"]
[EventType "team-tourn"]
[EventRounds "9"]
[EventCountry "SWE"]
[SourceTitle "CBM 189 Extra"]
[Source "ChessBase"]
[SourceDate "2019.06.03"]
[SourceVersion "1"]
[SourceVersionDate "2019.06.03"]
[SourceQuality "1"]
[WhiteTeam "Umea Rockaden"]
[BlackTeam "Farsta"]
[WhiteTeamCountry "SWE"]
[BlackTeamCountry "SWE"]

1. d4 Nf6 2. c4 e6 3. Nc3 Bb4 4. e3 0-0 5. Bd3 d5 6. cxd5 exd5 7. Nge2 Re8 8. f3 c5 9. 0-0 Nc6 10. a3 cxd4 11. exd4 Bxc3 12. bxc3 h6 13. Rb1 Na5 14. Bc2 b6 15. Ng3 Ba6 16. Re1 Qc7 17. Nf5 Rxe1+ 18. Qxe1 Re8 19. Qg3 Qxg3 20. Nxg3 Rc8 21. Bb2 Nc4 22. Bd3 g6 23. Bc1 h5 24. h4 Ne8 25. a4 Nc7 26. Nf1 Nd6 27. Bxa6 Nxa6 28. Bf4 Nf5 29. a5 bxa5 30. Ra1 Rxc3 31. Rxa5 Nb4 32. Rxa7 Nc6 33. Rc7 Ncxd4 34. Rxc3 Ne2+ 35. Kf2 Nxc3 36. Be5 Nb5 37. g4 hxg4 38. fxg4 Nfd6 39. Ne3 Nc4 40. Bf6 Nxe3 41. Kxe3 Kf8 42. Kf4 Nd6 43. Bd4 Nc4 44. Bc3 Kg8 45. Bd4 Kh7 46. Ba1 Kh6 47. Bf6 Nd2 48. Be7 Ne4 49. Ke5 Nf2 50. Bf8+ Kh7 51. Kf4 Nd3+ 52. Ke3 Ne5 53. Kf4 Nc6 54. Ba3 Kg7 55. Bb2+ Kf8 56. Ba3+ Kg7 57. Bb2+ Kh6 58. Bc1 f6 59. Bb2 d4 60. Ke4 g5 61. Bc1 Kg6 62. hxg5 fxg5 63. Kd5 Na5 64. Bxg5 Kxg5 65. Kxd4 Kxg4 1/2-1/2

[Event "Malmo op"]
[Site "Malmo"]
[Date "2018.12.16"]
[Round "8"]
[White "Malmstig, Erik"]
[Black "Razin, Vadim"]
[Result "0-1"]
[WhiteElo "2307"]
[BlackElo "2381"]
[PlyCount "78"]
[EventDate "2018.12.14"]
[EventType "swiss"]
[EventRounds "8"]
[EventCountry "SWE"]
[SourceTitle "CBM 187 Extra"]
[Source "ChessBase"]
[SourceDate "2018.11.04"]
[SourceVersion "1"]
[SourceVersionDate "2018.11.04"]
[SourceQuality "1"]

1. c4 e5 2. Nc3 Nc6 3. e3 Nf6 4. g4 d6 5. g5 Ng8 6. h4 h6 7. g6 fxg6 8. h5 g5 9. d4 exd4 10. exd4 Nge7 11. Be3 Nf5 12. Bd3 Be7 13. Nge2 0-0 14. Qb3 Bf6 15. c5+ Kh8 16. Bxf5 Bxf5 17. Qxb7 Qd7 18. cxd6 Qxd6 19. Ng3 Bh7 20. Nge4 Bxe4 21. Nxe4 Qe6 22. Nxf6 Qxf6 23. 0-0-0 Rab8 24. Qa6 Rb6 25. Qa3 Nb4 26. d5 Rb5 27. Rd2 Nxd5 28. Bd4 Qf5 29. Re1 Nb4 30. Re7 Rf7 31. Re8+ Kh7 32. Qxa7 Ra5 33. Qb7 Nxa2+ 34. Kd1 Qb1+ 35. Ke2 Nc1+ 36. Ke3 Ra3+ 37. bxa3 Qxb7 38. Rb2 Qf3+ 39. Kd2 Nb3+ 0-1

[Event "Malmo op"]
[Site "Malmo"]
[Date "2018.12.15"]
[Round "6"]
[White "Sjodahl, Pontus"]
[Black "Malmstig, Erik"]
[Result "1-0"]
[WhiteElo "2406"]
[BlackElo "2307"]
[PlyCount "67"]
[EventDate "2018.12.14"]
[EventType "swiss"]
[EventRounds "8"]
[EventCountry "SWE"]
[SourceTitle "CBM 187 Extra"]
[Source "ChessBase"]
[SourceDate "2018.11.04"]
[SourceVersion "1"]
[SourceVersionDate "2018.11.04"]
[SourceQuality "1"]

1. d4 Nf6 2. c4 c5 3. d5 b5 4. cxb5 a6 5. e3 Bb7 6. Nc3 e6 7. dxe6 fxe6 8. Nf3 Be7 9. bxa6 Nxa6 10. Be2 0-0 11. 0-0 Qc7 12. b3 Ng4 13. h3 Bf6 14. Bd2 Ne5 15. Nxe5 Bxe5 16. f4 Bf6 17. Rc1 d5 18. Nb5 Qe7 19. Bc3 e5 20. fxe5 Bg5 21. Qd3 d4 22. Bd2 Nb4 23. Qc4+ Bd5 24. Qxc5 Qxe5 25. Qxd4 Qg3 26. Qg4 Bxe3+ 27. Bxe3 Qxe3+ 28. Kh1 h5 29. Qxh5 Rf2 30. Rxf2 Qxc1+ 31. Rf1 Qc5 32. a4 Nd3 33. Nc7 Bxg2+ 34. Kxg2 1-0